Flores para Algernon /
Saved in:
| Format: | Book |
|---|---|
| Published: |
Buenos Aires :
Hyspamérica,
1986.
|
| Series: | Biblioteca de Ciencia Ficción;
24 |
| LEADER | 00376nam a22001217a 4500 | ||
|---|---|---|---|
| 003 | AR-BeUNQ | ||
| 005 | 20240321145631.0 | ||
| 999 | |c 38332 |d 122132 | ||
| 245 | |a Flores para Algernon / |c Daniel Keyes. | ||
| 260 | |a Buenos Aires : |b Hyspamérica, |c 1986. | ||
| 490 | 1 | |a Biblioteca de Ciencia Ficción; |v 24 | |
| 929 | |a DONACION |b Luciana Aón |e 20171017 |f PAT0068324 |g 3291 |h 1 |l Estante K |o JDC | ||
| 942 | |c LIB |n 0 | ||